दान दहेज / (Record no. 118456)

MARC details
000 -LEADER
fixed length control field 01139nam a22002657a 4500
005 - DATE AND TIME OF LATEST TRANSACTION
control field 20170124103114.0
010 ## - LIBRARY OF CONGRESS CONTROL NUMBER
LC control number A-959476
020 ## - INTERNATIONAL STANDARD BOOK NUMBER
Terms of availability 150.00
035 ## - SYSTEM CONTROL NUMBER
System control number A-959476
037 ## - SOURCE OF ACQUISITION
Source of stock number/acquisition Cen Lib/Ret
040 ## - CATALOGING SOURCE
Original cataloging agency DPL
Language of cataloging HN
082 ## - DEWEY DECIMAL CLASSIFICATION NUMBER
Classification number
Item number चढढाध
100 ## - MAIN ENTRY--PERSONAL NAME
Personal name चढढा, धर्मवीर
9 (RLIN) 80244
245 ## - TITLE STATEMENT
Title दान दहेज /
Statement of responsibility, etc धर्मवीर चढढा;संपादक उषा चढढा
246 ## - VARYING FORM OF TITLE
Title proper/short title Daan dahej /
Remainder of title by Dharamveer Chaddha;sampadak Usha Chaddha
260 ## - PUBLICATION, DISTRIBUTION, ETC. (IMPRINT)
Place of publication, distribution, etc दिल्ली
Name of publisher, distributor, etc आधुनिक प्रकाशन
Date of publication, distribution, etc 1998
270 ## - ADDRESS
Address 4-B/6, गुरुद्वारा मोहल्ला, पूरी गली नं. 7, मौजपुर
City दिल्ली
Postal code 110053
300 ## - PHYSICAL DESCRIPTION
Extent 152पृ.
Dimensions 21सेमी(सजिल्द )
650 ## - SUBJECT ADDED ENTRY--TOPICAL TERM
Topical term or geographic name as entry element साहित्य--कहानियां
General subdivision
Geographic subdivision
9 (RLIN) 80245
650 ## - SUBJECT ADDED ENTRY--TOPICAL TERM
Topical term or geographic name as entry element हिंदी कहानियां
9 (RLIN) 2082
650 ## - SUBJECT ADDED ENTRY--TOPICAL TERM
Topical term or geographic name as entry element Literature--Stories
Form subdivision
9 (RLIN) 80246
650 ## - SUBJECT ADDED ENTRY--TOPICAL TERM
Topical term or geographic name as entry element Hindi Stories
9 (RLIN) 80247
700 ## - ADDED ENTRY--PERSONAL NAME
Personal name चढढा, उषा
9 (RLIN) 80248
942 ## - ADDED ENTRY ELEMENTS (KOHA)
Source of classification or shelving scheme Dewey Decimal Classification
Koha item type Hindi Books
Classification part
Call number suffix चढढाध
Holdings
Withdrawn status Lost status Damaged status Not for loan Home library Current library Date acquired Source of acquisition Cost, normal purchase price Total Checkouts Full call number Barcode Date last seen Copy number Cost, replacement price Price effective from Koha item type Public note
Written off       Central Library Central Library 11/09/2015 Cen Lib/Ret 150.00   क चढढाध A-959476 11/09/2015 1 150.00 11/09/2015 Hindi Books Written off on approval by DLB (By Circulation); dtd 20.12.2022

© Delhi Public Library
Hit Counter
free hit counter